| 000 | 00365 a2200169 4500 | ||
|---|---|---|---|
| 001 | 183948 | ||
| 020 | _a978-85-08-08312-1 | ||
| 040 | _cMagnum | ||
| 100 | _aSabino, Fernando | ||
| 240 | 1 | 0 |
_aHistórias divertidas _lpor |
| 245 | 1 | 0 | _aHistórias divertidas |
| 300 | _a124 | ||
| 362 | 0 | _a2009 | |
| 440 | 1 | _aÁtica | |
| 697 | _aLITERATURA JUVENIL | ||
| 942 | _cBK | ||
| 999 |
_c183948 _d183948 |
||